000 00999cam a2200241 4500
001 ABS65157
008 020226n2002 000 0 eng u
035 _a(Sirsi) u116865
100 _aCoffer, A.
245 _aNew York
260 _c2002
490 _aEstates Gazette
_v(02030 19 January 2002, 49-55(7)
520 _aExamines thow New York is recovering from the September 11 terrorist attack which destroyed the World Trade Centre. Focuses on the recession in the Manhattan office market, reviews progress on the AOL Time Warner twin towers, includes an interview with World Trade Center owner Larry Silverstein and property lobbyist outlines his plans for securing rebuilding funds for the city.
590 _aABS
650 _aNEW YORK
650 _aMANHATTAN
650 _aWORLD TRADE CENTER
650 _aTERRORISM
650 _aPROPERTY-COMMERCIAL PROPERTY-OFFICE PROPERTY-OFFICE PROPERTY MARKET
650 _aRECESSION
690 _aINTERNATIONAL-AMERICAS
942 _n0
999 _c69605
_d69605